| 000 | 00856nam a2200265Ia 4500 | ||
|---|---|---|---|
| 003 | OSt | ||
| 005 | 20221005083938.0 | ||
| 006 | a|||||r|||| 00| 0 | ||
| 007 | ta | ||
| 008 | 221004b |||||||| |||| 00| 0 eng d | ||
| 020 |
_a9780300233193 (hbk) _cUSD 26.00 |
||
| 024 | _a43250 | ||
| 037 |
_b8619, 18/03/2019, Efficient Book Distributors _cTextual |
||
| 040 |
_aCRL _cCRL _beng |
||
| 041 |
_2eng _aeng |
||
| 082 | _aX.41, Q8 | ||
| 100 |
_aMagnus George Au. _9612919 |
||
| 245 | 0 |
_aRed flags _b why XI's China is in jeopardy |
|
| 260 |
_aNew Haven _bYale University Press _c2018 |
||
| 300 |
_ax,236p. _ccm. |
||
| 650 |
_a ECONOMIC POLICY - CHINA _9583689 |
||
| 650 |
_aCHINA - ECONOMIC CONDITIONS _9577680 |
||
| 942 |
_hX.41, Q8 _cTEXL _2cc |
||
| 999 |
_c991794 _d991794 |
||